Statistics for Municipis de la comarca del Vallès Occidental (Catalunya)

Click here to take the quiz!

General Stats

  • This quiz has been taken 155 times
  • The average score is 16 of 23

Answer Stats

HintAnswer% Correct
SSabadell
100%
TTerrassa
100%
SCVSant Cugat del Vallès
97%
SQVSant Quirze del Vallès
89%
BVBarberà del Vallès
87%
CVCerdanyola del Vallès
87%
BVBadia del Vallès
85%
RRubí
85%
RRipollet
76%
CVCastellar del Vallès
69%
MMatadepera
69%
SPMSanta Perpètua de Mogoda
68%
CCastellbisbal
65%
MRMontcada i Reixac
65%
PSPPalau-solità i Plegamans
63%
UUllastrell
61%
VViladecavalls
60%
VVacarisses
56%
SSentmenat
50%
PPolinyà
47%
RRellinars
44%
SLSSant Llorenç Savall
40%
GGallifa
32%

Score Distribution

Percentile by Number Answered

Percent of People with Each Score

Your Score History

You have not taken this quiz